00430nam a2200121Ia 4500008004100000245011600041260004500157260000900202300000900211500001200220650001300232856006300245170516s9999 xx 000 0 und d aPreparation and characterisation of solid dispersions of tanshinone IIA, cryptotanshinone and total tanshinones bAsian Journal of Pharmaceutical Sciences c2017 a12:1 aJanuary xPharmacy uhttp://www.sciencedirect.com/science/journal/18180876/12/1